ਨੀਮ ਦੇ ਪਤੇ (Record no. 1465326)
[ view plain ]
| 000 -LEADER | |
|---|---|
| fixed length control field | 00809 a2200229 4500 |
| 005 - DATE AND TIME OF LATEST TRANSACTION | |
| control field | 20251208150358.0 |
| 008 - FIXED-LENGTH DATA ELEMENTS--GENERAL INFORMATION | |
| fixed length control field | 251208b |||||||| |||| 00| 0 eng d |
| 020 ## - INTERNATIONAL STANDARD BOOK NUMBER | |
| International Standard Book Number | 9788185267502 (hbk) |
| 037 ## - SOURCE OF ACQUISITION | |
| Terms of availability | TB |
| 040 ## - CATALOGING SOURCE | |
| Original cataloging agency | AL |
| Transcribing agency | AL |
| 041 ## - LANGUAGE CODE | |
| Source of code | pun |
| Language code of text/sound track or separate title | pun |
| 084 ## - COLON CLASSIFICATION NUMBER | |
| Classification number | O153wN1 K1;R5 |
| Assigning agency | AL |
| 100 ## - MAIN ENTRY--PERSONAL NAME | |
| Personal name | ਗਾਰਗੀ ਬਲਵੰਤ / Gargi, Balwant |
| 9 (RLIN) | 850997 |
| 245 ## - TITLE STATEMENT | |
| Title | ਨੀਮ ਦੇ ਪਤੇ |
| 246 ## - VARYING FORM OF TITLE | |
| Title proper/short title | Nimm de Patte |
| 260 ## - PUBLICATION, DISTRIBUTION, ETC. | |
| Place of publication, distribution, etc. | Delhi, India; |
| Name of publisher, distributor, etc. | Navyug Publishers, |
| Date of publication, distribution, etc. | 2025. |
| 300 ## - PHYSICAL DESCRIPTION | |
| Extent | 168p. |
| 365 ## - TRADE PRICE | |
| Price amount | 200.00 |
| Currency code | INR |
| 650 ## - SUBJECT ADDED ENTRY--TOPICAL TERM | |
| Source of heading or term | ਪੰਜਾਬੀ ਸਾਹਿਤ |
| 942 ## - ADDED ENTRY ELEMENTS (KOHA) | |
| Koha item type | Textbook |
| Source of classification or shelving scheme | Colon Classification (CC) |
| Suppress in OPAC | No |
| Classification part | O153wN1 K1;R5 |
| Withdrawn status | Lost status | Source of classification or shelving scheme | Damaged status | Not for loan | Home library | Current library | Date acquired | Source of acquisition | Cost, normal purchase price | Inventory number | Total Checkouts | Full call number | Barcode | Date last seen | Cost, replacement price | Price effective from | Koha item type | Date last checked out |
|---|---|---|---|---|---|---|---|---|---|---|---|---|---|---|---|---|---|---|
| Colon Classification (CC) | Arts Library | Arts Library | 2025-11-28 | H.K. Prakashan | 160.00 | 1875/ 27/11/2025 | O153wN1 K1;R5 | AL1805039 | 2025-11-28 | 200.00 | 2025-11-28 | Textbook | ||||||
| Colon Classification (CC) | Arts Library | Arts Library | 2025-12-08 | H.K. Prakashan | 160.00 | 1875/ 27/11/2025 | 1 | O153wN1 K1;R5 | AL1805040 | 2026-01-21 | 200.00 | 2025-11-28 | Textbook | 2026-01-20 | ||||
| Colon Classification (CC) | Arts Library | Arts Library | 2025-12-08 | H.K. Prakashan | 160.00 | 1875/27/11/2025 | O153wN1 K1;R5 | AL1805041 | 2025-11-28 | 200.00 | 2025-11-28 | Textbook | ||||||
| Colon Classification (CC) | Arts Library | Arts Library | 2025-12-08 | H.K. Prakashan | 160.00 | 1875/ 27/11/2025 | O153wN1 K1;R5 | AL1805042 | 2025-11-28 | 200.00 | 2025-11-28 | Textbook | ||||||
| Colon Classification (CC) | Arts Library | Arts Library | 2025-12-08 | H.K. Prakashan | 160.00 | 1875/ 27/11/2025 | 1 | O153wN1 K1;R5 | AL1805043 | 2026-02-25 | 200.00 | 2025-11-28 | Textbook | 2026-02-24 |
